El amante de lady Chatterley

שמור ב:
מידע ביבליוגרפי
מחבר ראשי: Lawrence, David Herbert (Author)
פורמט: ספר
שפה:ספרדית
יצא לאור: Madrid RBA Coleccionables 2000
סדרה:Historia de la Literatura
נושאים:
תגים: הוספת תג
אין תגיות, היה/י הראשונ/ה לתייג את הרשומה!

MARC

LEADER 00000nam a2200000 a 4500
001 UCH8425
003 CL-VaPUC
008 091127e20000000SP |||||||||||||||||spa|d
020 |a 8447301176 Historia de la Literatura 
020 |a 8447303675 El amante de lady Chatterley 
082 0 4 |a 823  |b LAW  |2 21 
100 |a Lawrence, David Herbert  |e author  |9 303256 
245 1 3 |a El amante de lady Chatterley 
300 |a 317 p 
942 |c BK 
945 |d 20091127 00:00:00 
260 |a Madrid  |b RBA Coleccionables  |c 2000 
650 0 |a Novelas inglesas  |9 265220 
583 |a last modification  |c 20091127 00:00:00  |k Rodrigo Vera 
490 0 |a Historia de la Literatura 
999 |c 338639  |d 338637